header

Non-ionizing radiation. (Record no. 31966)

MARC details
000 -LEADER
fixed length control field 02272nam a2200409Ia 4500
245 00 - TITLE STATEMENT
Title Non-ionizing radiation.
260 ## - PUBLICATION, DISTRIBUTION, ETC. (IMPRINT)
Place of publication Lyon, France :
Name of publisher IARC Press ;
Place of publication Geneva :
Name of publisher Distributed by IARC Press and the World Health Organization Distribution and Sales,
Year of publication 2002.
300 ## - PHYSICAL DESCRIPTION
Number of Pages ix, 429 p. :
Other physical details ill.
490 1# - SERIES STATEMENT
Series statement IARC monographs on the evaluation of carcinogenic risks to humans,
500 ## - GENERAL NOTE
General note "This publication represents the views and expert opinions of an IARC working group on the evaluation of carcinogenic risks to humans, which met in Lyon, 19-26 June 2001."
650 #0 - SUBJECT ADDED ENTRY--TOPICAL TERM
Topical Term ELF electromagnetic fields
Topical Term ELF electromagnetic fields
Topical Term ELF electromagnetic fields
Topical Term Nonionizing radiation
Topical Term Nonionizing radiation
Topical Term Nonionizing radiation
856 40 - ELECTRONIC LOCATION AND ACCESS
Uniform Resource Identifier http://site.ebrary.com/lib/rucke/Doc?id=10252487

No items available.

© 2026 Rongo University
Contact us: librarian | system librarian | Rongo university